000 01536cam a2200397 a 4500
001 22533
003 CUTN
005 20160726152320.0
008 041102s2001 enka 001 0 eng
010 _a 2004558823
020 _a1552096246
020 _a1552096025 (CASED)
035 _a(OCoLC)ocm47938231
040 _aUKM
_cUKM
_dBUF
_dAGL
_dOCLCQ
_dDLC
042 _alccopycat
050 0 0 _aSB351.H5
_bL56 2001
082 0 4 _a635.7
_221
100 1 _aLima, Patrick.
245 1 0 _aHerbs :
_bthe complete gardener's guide /
_ctext by Patrick Lima ; photographs and illustrations by Turid Forsyth.
246 3 0 _aHerbs, the complete gardener's guide
260 _aWillowdale, Ont. :
_bFirefly,
_c2001.
300 _a222 p. :
_bcol. ill. ;
_c28 cm.
500 _aIncludes index.
650 0 _aHerb gardening.
650 0 _aHerb gardens.
650 0 _aCooking (Herbs)
700 1 _aForsyth, Turid.
856 4 2 _3Contributor biographical information
_uhttp://www.loc.gov/catdir/enhancements/fy0621/2004558823-b.html
856 4 2 _3Publisher description
_uhttp://www.loc.gov/catdir/enhancements/fy0621/2004558823-d.html
856 4 1 _3Sample text
_uhttp://www.loc.gov/catdir/enhancements/fy0621/2004558823-s.html
856 4 1 _3Table of contents only
_uhttp://www.loc.gov/catdir/enhancements/fy0621/2004558823-t.html
856 4 2 _3Book review (E-STREAMS)
_uhttp://www.e-streams.com/es0504/es0504_1823.htm
906 _a7
_bcbc
_ccopycat
_d2
_encip
_f20
_gy-gencatlg
942 _2ddc
_cBOOKS
999 _c17183
_d17183